| 000 | 00683cam a22002293a 4500 | ||
|---|---|---|---|
| 001 | 15648 | ||
| 003 | PGUSA | ||
| 005 | 20140828083332.0 | ||
| 008 | 050418s2005||||xxu|||||s|||||000 | eng d | ||
| 040 |
_aPGUSA _beng |
||
| 042 | _adc | ||
| 050 | 4 | _aVK | |
| 100 | 1 |
_aAbbot, Willis J. _q(Willis John), _d1863-1934 |
|
| 245 | 1 | 0 |
_aAmerican Merchant Ships and Sailors _h[electronic resource] / _cWillis J. Abbot |
| 260 |
_bProject Gutenberg, _c2005 |
||
| 506 | _aPublic domain in the USA. | ||
| 516 | _aElectronic text | ||
| 653 | _aMerchant marine -- United States -- History | ||
| 830 | 0 |
_aProject Gutenberg _v15648 |
|
| 856 | 4 | 0 | _uhttp://www.gutenberg.org/ebooks/15648 |
| 942 | _cEB | ||
| 999 |
_c244903 _d244903 |
||